Masonry walls and beam and block floors (Record no. 107579)
[ view plain ]
| 000 -LEADER | |
|---|---|
| fixed length control field | 01041cam a22002415 4500 |
| 001 - CONTROL NUMBER | |
| control field | L140938 |
| 008 - FIXED-LENGTH DATA ELEMENTS--GENERAL INFORMATION | |
| fixed length control field | 050414n2007 xxkdoa f 000 0 eng u |
| 020 ## - INTERNATIONAL STANDARD BOOK NUMBER | |
| International Standard Book Number | 9781860819803 |
| 035 ## - SYSTEM CONTROL NUMBER | |
| System control number | (Sirsi) u140938 |
| 041 ## - LANGUAGE CODE | |
| Language code of text/sound track or separate title | eng |
| 050 ## - LIBRARY OF CONGRESS CALL NUMBER | |
| Classification number | 690.16 |
| -- | 18 |
| 100 ## - MAIN ENTRY--PERSONAL NAME | |
| Personal name | Doran, Sean |
| 245 ## - TITLE STATEMENT | |
| Title | Masonry walls and beam and block floors |
| Remainder of title | u-values and building regulations |
| 260 ## - PUBLICATION, DISTRIBUTION, ETC. | |
| Place of publication, distribution, etc. | Garston |
| Name of publisher, distributor, etc. | IHS BRE |
| Date of publication, distribution, etc. | 2007 |
| 300 ## - PHYSICAL DESCRIPTION | |
| Extent | 24p. |
| Other physical details | ill. |
| Dimensions | 30cm. |
| 490 ## - SERIES STATEMENT | |
| Series statement | BRE Special Digest |
| Volume/sequential designation | SD4 |
| 520 ## - SUMMARY, ETC. | |
| Summary, etc. | Explains how the requirements of the building regulations for conservation of fuel and power may be satisfied using aggregate concrete blocks. Provides information on the relevant regulations, showing various routes to compliance, together with a number of examples involving aggregate concrete block constructions. |
| 520 ## - SUMMARY, ETC. | |
| Summary, etc. | Supersedes 2003 edition (ISBN 186081638X). |
| 651 #4 - SUBJECT ADDED ENTRY--GEOGRAPHIC NAME | |
| Geographic name | United Kingdom |
| Chronological subdivision | |
| 690 ## - LOCAL SUBJECT ADDED ENTRY--TOPICAL TERM (OCLC, RLIN) | |
| Topical term or geographic name as entry element | BUILT ENVIRONMENT-BUILDING ELEMENTS-COMPLETE BUILDING ELEMENTS |
| 710 ## - ADDED ENTRY--CORPORATE NAME | |
| Corporate name or jurisdiction name as entry element | Building Research Establishment |
| 942 ## - ADDED ENTRY ELEMENTS (KOHA) | |
| Suppress in OPAC | 0 |
| Withdrawn status | Lost status | Source of classification or shelving scheme | Damaged status | Not for loan | Home library | Current library | Shelving location | Date acquired | Total Checkouts | Full call number | Barcode | Date last seen | Copy number | Price effective from | Koha item type |
|---|---|---|---|---|---|---|---|---|---|---|---|---|---|---|---|
| Dewey Decimal Classification | London | London | BRE publications | 22/10/2007 | ENQUIRY DESK | 30074293 | 06/08/2019 | 1 | 06/08/2019 | Book |